| 000 | 00230 a2200109 4500 | ||
|---|---|---|---|
| 999 |
_c243200 _d243200 |
||
| 001 | 8127 | ||
| 003 | NUST | ||
| 005 | 20180118183952.0 | ||
| 008 | 180118b xxu||||| |||| 00| 0 eng d | ||
| 082 | _a297 RAH | ||
| 100 |
_aRehman.H _98958 |
||
| 245 | _aIslamic Methodology in History | ||
| 260 | _bC.I.I.R | ||
| 942 |
_aNUST-CAE _cBK _k297 RAH _2ddc |
||